LIBRARY & INFORMATION CENTRE, KCAET, TAVANUR

ONLINE PUBLIC ACCESS CATALOGUE (OPAC)

Introduction to the geology of india / (Record no. 3166)

MARC details
000 -LEADER
fixed length control field 00452cam a2200181ua 4500
041 ## - LANGUAGE CODE
Language code of text/sound track or separate title eng
082 ## - DEWEY DECIMAL CLASSIFICATION NUMBER
Classification number 551
Item number KRI/IN
100 ## - MAIN ENTRY--AUTHOR NAME
Personal name Krishnan, M S .
245 ## - TITLE STATEMENT
Title Introduction to the geology of india /
250 ## - EDITION STATEMENT
Edition statement 1 /
260 ## - PUBLICATION, DISTRIBUTION, ETC. (IMPRINT)
Place of publication Madras :
Name of publisher The madras law journal office ,
Year of publication 1951.
300 ## - PHYSICAL DESCRIPTION
Number of Pages 182 ; .
942 ## - ADDED ENTRY ELEMENTS (KOHA)
Koha item type Books
Holdings
Withdrawn status Lost status Damaged status Home library Current library Date acquired Full call number Accession Number Koha item type
      KAUAET KAUAET 07/04/2012 551 KRI/IN 3433 Books
free website counter